Understanding abnormal behavior / (Record no. 5911)

MARC details
000 -LEADER
fixed length control field 00870nac a22002411u 4500
010 ## - LIBRARY OF CONGRESS CONTROL NUMBER
LC control number 2001133355
020 ## - INTERNATIONAL STANDARD BOOK NUMBER
International Standard Book Number 0618219994
082 00 - DEWEY DECIMAL CLASSIFICATION NUMBER
Classification number 616.89
Item number SUE
090 ## - LOCALLY ASSIGNED LC-TYPE CALL NUMBER (OCLC); LOCAL CALL NUMBER (OCLC)
-- 5911
-- 5911
100 ## - MAIN ENTRY--PERSONAL NAME
Personal name Sue, David.
245 10 - TITLE STATEMENT
Title Understanding abnormal behavior /
Statement of responsibility, etc David Sue, Derald Wing Sue, Stanley Sue.
250 ## - EDITION STATEMENT
Edition statement 7th ed.
260 ## - PUBLICATION, DISTRIBUTION, ETC. (IMPRINT)
Place of publication, distribution, etc Boston :
Name of publisher, distributor, etc Houghton Mifflin,c2003.
Date of publication, distribution, etc c2003.
300 ## - PHYSICAL DESCRIPTION
Extent xix, 613, [99] p. :
Other physical details ill. (chiefly col.) ;
Dimensions 29 cm. +
Accompanying material 1 CD-ROM (4 3/4 in.)
500 ## - GENERAL NOTE
General note Distributer : Al-Ahram.
504 ## - BIBLIOGRAPHY, ETC. NOTE
Bibliography, etc Includes bibliographical references and indexes.
511 ## - PARTICIPANT OR PERFORMER NOTE
Participant or performer note Catalogued By : Mahitab.
538 ## - SYSTEM DETAILS NOTE
System details note Minimum system requirements: Windows or Macintosh; CD-ROM drive.
650 #0 - SUBJECT ADDED ENTRY--TOPICAL TERM
Topical term or geographic name as entry element Psychology, Pathological.
700 1# - ADDED ENTRY--PERSONAL NAME
Personal name Sue, Derald Wing.
700 1# - ADDED ENTRY--PERSONAL NAME
Personal name Sue, Stanley.
942 ## - ADDED ENTRY ELEMENTS (KOHA)
Item type Book - Borrowing
Call number prefix 616.89SUE
Holdings
Withdrawn status Item status Damaged status Not for loan Home library Current library Shelving location Date acquired Source of acquisition Total Checkouts Total Renewals Full call number Barcode Date last seen Date last borrowed Koha item type
        Central Library Central Library First floor 08/11/2007 Purchase 4 71 616.89SUE 000007001 15/07/2025 02/03/2020 Book - Borrowing